000 00380 a2200145 4500
001 73912
020 _a857666784-3
040 _cAnchieta - Colégio São Paulo
240 1 0 _aDicionário escolar Vox da Língua Espanhola
_lpor
245 1 0 _aDicionário escolar Vox da Língua Espanhola
300 _a800
362 0 _a2006
650 4 _aObras enciclopédicas gerais
942 _cBK
999 _c73912
_d73912